| 000 | 01065nam a2200253Ia 4500 | ||
|---|---|---|---|
| 001 | 8971 | ||
| 003 | GE_BSU | ||
| 008 | 181216s||||||||xx |||||||||||||| ||und|| | ||
| 040 | _cGE_BSU | ||
| 080 | _a821.353.1-31 | ||
| 100 | _aკეკელიძე,მიხეილ | ||
| 245 | _aბრწყინვალე ვარსკვლავის მაძიებელნი | ||
| 245 | _bრომანი სულხან-საბა ორბელიანის შესახებ | ||
| 245 | _cრედ.რ.ჯაფარიძე,მხატვ.ა.გახარია | ||
| 250 | _aმეორე გამ–მა | ||
| 260 | _aთბილისი | ||
| 260 | _bნაკადული | ||
| 260 | _c1967 | ||
| 300 | _a711გვ.ილ.21სმ. | ||
| 653 | _aბრწყინვალე ვარსკვლავის მაძიებელნი | ||
| 653 | _aრომანი | ||
| 653 | _aრომანი სულხან-საბა ორბელიანის შესახებ | ||
| 942 | _cBK | ||
| 999 |
_c42276 _d42276 |
||